00000000nam##2200000za#4500
0019.640232
003CaOODSP
00520220107134156
007cr |||||||||||
008150407|2000||||xxc|||||o    f|0| 0 fre|d
040 |aCaOODSP|bfre
043 |an-cn---
0861 |aH72-21/173-2000F-PDF
1102 |aCentre national d'information sur la violence dans la famille (Canada)
24510|aMauvais traitements d'enfants handicapés / |h[ressource électronique]|cpréparé par Catherine Frazee avec l'aide de Patricia Seeley.
260 |aOttawa - Ontario : |bAgence de santé publique du Canada. |cAoût 2000.
300 |a14p.|bréférences
590 |a12-24-Supp|b2012-05-30
69107|aViolence faite aux enfants|2gcpds
69107|aPersonne handicapée|2gcpds
69107|aEnfant|2gcpds
7201 |aFrazee, Catherine
7201 |aSeeley, Patricia
77508|tAbuse of children with disabilities / |w(CaOODSP)9.696111
7760#|tMauvais traitement des enfants handicapés |w(CaOODSP)9.681109
85640|ahttp://publications.gc.ca|qPDF|s105 Ko|uhttps://publications.gc.ca/collections/collection_2012/sc-hc/H72-21-173-2000-fra.pdf